000 00433nam a2200157 i 4500
001 63876
003 ES-MaACL
005 20230906165006.0
007 t|
008 031217s1908 it ||||1| ita d
100 1 _aFilomusi-Guelfi, G.
_950855
245 1 0 _aTrattato di medicina legale
_b: identitá /
_cG. Filomusi-Guelfi.
260 _aNapoli :
_bNicola Jovene,
_c1908.
300 _a194 p. ;
_c24 cm.
852 _aES-MaACL
_jF-1805
999 _c63876
_d63876